Green Light - Lorde (All Lyrics) - Statistics

General Stats
  • This quiz has been taken 949 times
  • The average score is 359 of 428
Answer Stats
Green Light % Correct
Verse 1 I
99%
a
98%
in
97%
my
97%
the
97%
you
97%
We
95%
we
95%
when
95%
do
94%
be
93%
it
93%
light
93%
car
92%
green
92%
makeup
92%
But
91%
but
91%
love
91%
you're
91%
and
90%
different
90%
else's
90%
same
90%
somebody
90%
that
90%
at
89%
drinks
89%
order
89%
no
88%
they
88%
want
87%
did
86%
Did
86%
damn
85%
have
85%
liar
85%
big
84%
such
84%
teeth
84%
go
83%
not
83%
those
83%
bite
82%
for
82%
know
82%
on
82%
On
82%
beach
81%
I'm
81%
truth
81%
bars
80%
mind
80%
more
80%
said
80%
what
80%
hear
79%
scream
78%
about
77%
floor?
77%
floor
77%
waiting
77%
wanna
77%
always
76%
frighten
76%
I'll
76%
She
76%
up
76%
sounds
75%
kissed
74%
things
74%
every
73%
seein'
73%
great
72%
let
72%
new
72%
Brand
71%
danced
71%
down
71%
to
71%
Oh
70%
thinks
70%
would
70%
honey
69%
road
69%
can't
68%
get
68%
How
68%
whites
68%
just
63%
back
61%
bedroom
60%
wherever
60%
Chorus Cause
59%
come
58%
rumors
58%
wake
58%
city
57%
whisper
52%
Verse 2 Sometimes
50%
Hope
48%
sings
48%
Refrain Well
48%
could
47%
Thought
47%
wish
44%
em'
33%
Yes
16%
No matching quizzes found
Score Distribution
Percent of People with Each Score
Percentile by Number Answered
Your Score History
You have not taken this quiz